00656nam a2200181 a 450000100100000000500170001000800410002702000150006804000250008308200130010810000230012124501200014426000700026430000210033450000630035550400310041870000250044900002387120200930022530.0110114s1980 pr r 000 0 spa d a0847724557 aDO-SdBNPbspacBNPHU ann*bnn*1 aIcken Safa, Helen.10aFamilias del arrabal :bun estudio sobre desarrollo y desigualdad /cHelen Icken Safa ; traducción Ivette Torres. aRío Piedras :bUniversitaria. Unversidad de Puerto Rico,c1980. a158 p. ;c23 cm. aLos ejemplares 2 y 3 son una reimpresión del año 1989. aReferencias : [153]-158 p.1 aTorres, Ivette,etr.